Οικονομική και σεξουαλική απελευθέρωση της γυναίκας
Αποθηκεύτηκε σε:
| Κύριος συγγραφέας: | |
|---|---|
| Άλλοι συγγραφείς: | |
| Μορφή: | Βιβλίο |
| Γλώσσα: | Greek Russian |
| Δημοσίευση: |
Αθήνα :
Πύλη,
1979.
|
| Έκδοση: | 4η εκδ. |
| Θέματα: | |
| Ετικέτες: |
Προσθήκη ετικέτας
Δεν υπάρχουν, Καταχωρήστε ετικέτα πρώτοι!
|
MARC
| LEADER | 00000cam a2200000 i 4500 | ||
|---|---|---|---|
| 001 | 1/21033 | ||
| 008 | 051220s1979 gr | ||| |||| ||gre|| | ||
| 035 | |l 10081767 | ||
| 040 | |a GR-MyUA |b gre |e AACR2 | ||
| 041 | 1 | |a gre |h rus | |
| 082 | 0 | |a 305.42 |2 (22) | |
| 100 | 1 | |a Kollontai, A. |q (Aleksandra), |d 1872-1952. | |
| 245 | 1 | 0 | |a Οικονομική και σεξουαλική απελευθέρωση της γυναίκας / |c Αλεξάνδρα Κολλονταϊ ; μετάφραση Μαρίνα Λώμη. |
| 250 | |a 4η εκδ. | ||
| 260 | |a Αθήνα : |b Πύλη, |c 1979. | ||
| 300 | |a 232 σ. ; |c 21 εκ. | ||
| 650 | 0 | 0 | |a Feminism. |
| 650 | 0 | 0 | |a Women |x Social conditions. |
| 700 | 1 | |a Λώμη, Μαρίνα, |e trlf | |
| 852 | |a INST |b SAMOS |e 20051220 |h 305.42 KOL |p 005300024692 |q 005300024692 |t BK |y 0 | ||
| 901 | |a BIBL3-2005-3 | ||
| 909 | |a Σ |b 124672 | ||
| 970 | |a ΚΟΣΙΕΡΗΣ |b ΧΡΗΣΤΟΣ |z 2005/12/20 | ||